| 000 | 00508cam a22001577a 4500 | ||
|---|---|---|---|
| 008 | 180718b1992 xxu||||| |||| 00| 0 eng d | ||
| 082 | _aF5x54151 B469 | ||
| 100 | _aBhadra, Madhumita | ||
| 245 |
_aSikkim: democracy and social change _cby Madhumita Bhadra |
||
| 260 |
_aCalcutta _bMinerva _c1992 |
||
| 300 | _a168p. | ||
| 650 | _aSikkim (India) --Economic conditions | ||
| 650 | _aSikkim (India) --Politics and government | ||
| 650 | _aSocial change --India --Sikkim | ||
| 650 | _aDemocracy --India --Sikkim | ||
| 999 |
_c351008 _d351008 |
||